000 00805nam a2200253Ia 4500
003 OSt
005 20220923224611.0
006 a|||||r|||| 00| 0
007 ta
008 220922b |||||||| |||| 00| 0 hin d
020 _c75
024 _a245,571
037 _b375, 17/02/2011, Vani Prakashan
_cTextual
040 _aARTS
_cARTS
_bhin
041 _2hin
_ahin
082 _aO152,1K15x, M5;P2
100 _aशुक्ल, रामदेव
_9156318
245 0 _aआनन्दघन
246 _aĀnandaghana
260 _aनयी दिल्ली
_b वाणी प्रकाशन
_c2002
300 _a128पृ.
_ccm.
942 _hO152,1K15x, M5;P2
_cTEXL
_2CC
999 _c372430
_d372430